000 00814nam a22001935i 4500
001 164634
003 ES-MaACL
005 20250812163237.0
008 050802s1879 sp | |||||||| ||spa d
040 _aCAM
_bspa
_cCAM
100 1 _aSancho del Castillo, Vicente.
_9132399
245 1 3 _aTres bocetos
_b: la sociedad de Paris /
_cde Vicente Sancho del Castillo; precedidos de un prólogo por Carlos Vieyra de Abreu.
260 _aMadrid :
_b[s.n.],
_c1879 (
_fImprenta de Enrique Teodoro)
300 _a34 p. ;
_c20 cm.
594 _aEl subtit. precede al tit.
700 1 _aVieyra de Abreu, Carlos,
_d1854-1918
_9114608
852 _aES-MaACL
_jT-306-F-1
_z-- Enc. hol.
_z-- Dedic. ms. del autor al Ateneo artístico, científico y literario de Madrid
_z-- Enc. en un vol. facticio
999 _c164634
_d164634